In need of clarification (Record no. 65482)
[ view plain ]
| 000 -LEADER | |
|---|---|
| fixed length control field | 01667cam a2200265 4500 |
| 001 - CONTROL NUMBER | |
| control field | ABS63210 |
| 008 - FIXED-LENGTH DATA ELEMENTS--GENERAL INFORMATION | |
| fixed length control field | 000000n2000 000 0 eng u |
| 035 ## - SYSTEM CONTROL NUMBER | |
| System control number | (Sirsi) u109685 |
| 100 ## - MAIN ENTRY--PERSONAL NAME | |
| Personal name | Edwards, M |
| 245 ## - TITLE STATEMENT | |
| Title | In need of clarification |
| 260 ## - PUBLICATION, DISTRIBUTION, ETC. | |
| Date of publication, distribution, etc. | 2000 |
| 490 ## - SERIES STATEMENT | |
| Series statement | Estates Gazette |
| Volume/sequential designation | (0047) 25 November 2000, 175(1) |
| 520 ## - SUMMARY, ETC. | |
| Summary, etc. | Examines how the revision of PPG6 and subsequent refinement by a ministerial statement have caused confusion in planning applications for retail development. Describes the case of "Tesco Stores v SoS Environment" which questioned whether an extension to an existing store in a district centre required the applicant to demonstrate need. Tesco argued that the application site was within a district centre, an 'existing centre' as defined by the statement. The inspector interpreted 'existing centre' as only applicable to town centres and claimed that Tesco had to satisfy the need test. Tesco challenged this decision under the Town and Country Planning Act 1990 s288, on the grounds that the inspector had failed to correctly interpret government guidance on retail policy and did not determine whether the store was within a district centre. Tesco's challenge was allowed due to the ambiguity between PPG6 and the statement. |
| 590 ## - LOCAL NOTE (RLIN) | |
| Local note | ABS |
| 650 ## - SUBJECT ADDED ENTRY--TOPICAL TERM | |
| Topical term or geographic name entry element | RETAIL DEVELOPMENT |
| 650 ## - SUBJECT ADDED ENTRY--TOPICAL TERM | |
| Topical term or geographic name entry element | TERMINOLOGY |
| 650 ## - SUBJECT ADDED ENTRY--TOPICAL TERM | |
| Topical term or geographic name entry element | TESCO STORES LTD V SOS ENVIRONMENT & ANOR |
| 650 ## - SUBJECT ADDED ENTRY--TOPICAL TERM | |
| Topical term or geographic name entry element | TOWN CENTRES |
| 650 ## - SUBJECT ADDED ENTRY--TOPICAL TERM | |
| Topical term or geographic name entry element | NEED TEST |
| 650 ## - SUBJECT ADDED ENTRY--TOPICAL TERM | |
| Topical term or geographic name entry element | TOWN AND COUNTRY PLANNING ACT 1990 S288 |
| 650 ## - SUBJECT ADDED ENTRY--TOPICAL TERM | |
| Topical term or geographic name entry element | PLANNING POLICY GUIDANCE NOTE SIX |
| 650 ## - SUBJECT ADDED ENTRY--TOPICAL TERM | |
| Topical term or geographic name entry element | PLANNING PERMISSION |
| 690 ## - LOCAL SUBJECT ADDED ENTRY--TOPICAL TERM (OCLC, RLIN) | |
| Topical term or geographic name as entry element | Planning and development |
| 9 (RLIN) | 6259 |
| 942 ## - ADDED ENTRY ELEMENTS (KOHA) | |
| Suppress in OPAC | 0 |
| Withdrawn status | Lost status | Source of classification or shelving scheme | Damaged status | Not for loan | Home library | Current library | Shelving location | Date acquired | Total Checkouts | Full call number | Barcode | Date last seen | Copy number | Price effective from | Koha item type |
|---|---|---|---|---|---|---|---|---|---|---|---|---|---|---|---|
| Dewey Decimal Classification | London | London | Journal article | 04/12/2000 | ABS63210 | 109685-1001 | 06/08/2019 | 1 | 06/08/2019 | Journal article |